| 000 | 00451nam a2200181Ia 4500 | ||
|---|---|---|---|
| 005 | 20250508160217.0 | ||
| 008 | 008 250505s9999 xx 000 0 eng d | ||
| 037 | _aBooks to be hide in OPAC | ||
| 040 |
_aFEDL _beng _cFEDL |
||
| 041 |
_aeng _2eng |
||
| 084 | _qFEDL | ||
| 245 | 0 | _aStatistics of state universities and state colleges | |
| 260 | _c1923 | ||
| 300 | _a16p. | ||
| 546 | _aWeeded out | ||
| 942 | _cHB | ||
| 999 |
_c1362688 _d1362688 |
||